Giây phút lãng quên = Never leave me

সংরক্ষণ করুন:
গ্রন্থ-পঞ্জীর বিবরন
প্রধান লেখক: Harold Robbins
বিন্যাস: গ্রন্থ
ভাষা:Undetermined
প্রকাশিত: Hà Nội Hội Nhà Văn 1997
বিষয়গুলি:
ট্যাগগুলো: ট্যাগ যুক্ত করুন
কোনো ট্যাগ নেই, প্রথমজন হিসাবে ট্যাগ করুন!
Thư viện lưu trữ: Trung tâm Học liệu Trường Đại học Cần Thơ
LEADER 00524nam a2200181Ia 4500
001 CTU_22524
008 210402s9999 xx 000 0 und d
082 |a 813.5 
082 |b R634 
100 |a Harold Robbins 
245 0 |a Giây phút lãng quên 
245 0 |b = Never leave me 
245 0 |c Harold Robbins, Trịnh Xuân Hoành 
260 |a Hà Nội 
260 |b Hội Nhà Văn 
260 |c 1997 
650 |a american fiction - 20th century 
980 |a Trung tâm Học liệu Trường Đại học Cần Thơ